Life among the scorpions : (Record no. 156802)

MARC details
000 -LEADER
fixed length control field 00603nam a22001937a 4500
005 - DATE AND TIME OF LATEST TRANSACTION
control field 20180904120355.0
010 ## - LCCN (DPL NO)
LC control number ENG-123951
020 ## - INTERNATIONAL STANDARD BOOK NUMBER
Terms of availability 595.00
International Standard Book Number 9788129149091
035 ## - SYSTEM CONTROL NUMBER
System control number EN-107483
037 ## - SOURCE OF ACQUISITION
Source of stock number/acquisition DBAD/PUB
082 ## - DEWEY DECIMAL CLASSIFICATION NUMBER
Classification number 954.092
100 ## - MAIN ENTRY--PERSONAL NAME
Personal name Jaitly, Jaya
245 ## - TITLE STATEMENT
Title Life among the scorpions :
Statement of responsibility, etc by Jaya Jaitly
Remainder of title memoirs of a woman in indian politics /
260 ## - PUBLICATION, DISTRIBUTION, ETC. (IMPRINT)
Place of publication, distribution, etc New Delhi
Name of publisher, distributor, etc Rupa Publications
Date of publication, distribution, etc 2017
270 ## - ADDRESS
Address 7/16, Ansari Road, Daryaganj,
City New Delhi
Postal code 110002
300 ## - PHYSICAL DESCRIPTION
Extent x,308p
Dimensions 23cm.(Hb.)
500 ## - GENERAL NOTE
General note It includes index
942 ## - ADDED ENTRY ELEMENTS (KOHA)
Source of classification or shelving scheme Dewey Decimal Classification
Item type English Books
Call number suffix JAI
Classification part 954.092
Holdings
Withdrawn status Lost status Not for loan Collection code Home library Current library Date acquired Source of acquisition Cost, normal purchase price Full call number Barcode Copy number Cost, replacement price Koha item type
    Not For Loan Non-fiction D.B.Act.Division Patel Nagar 31/08/2018 DBAD/PUB 595.00 954.092 JAI EN-107483 1 595.00 English Books

© Delhi Public Library
Hit Counter
free hit counter